| 000 | 01139nam a2200277 a 4500 | ||
|---|---|---|---|
| 001 | ebr10489664 | ||
| 003 | CaPaEBR | ||
| 006 | m u | ||
| 007 | cr cn||||||||| | ||
| 008 | 110901s2010 gw a sb 000 0 eng d | ||
| 020 | _z9783836699259 | ||
| 020 | _z9783836649254 (e-book) | ||
| 040 |
_aCaPaEBR _cCaPaEBR |
||
| 035 | _a(OCoLC)754716639 | ||
| 050 | 1 | 4 |
_aTK7895.G36 _bZ48 2010eb |
| 100 | 1 | _aZhu, Yu. | |
| 245 | 1 | 0 |
_aCAN and FPGA communication engineering _h[electronic resource] : _bimplementation of a CAN bus based measurement system on an FPGA development kit / _cYu Zhu. |
| 260 |
_aHamburg : _bDiplomica Verlag, _cc2010. |
||
| 300 |
_a86 p. : _bill. |
||
| 504 | _aIncludes bibliographical references. | ||
| 533 |
_aElectronic reproduction. _bPalo Alto, Calif. : _cebrary, _d2011. _nAvailable via World Wide Web. _nAccess may be limited to ebrary affiliated libraries. |
||
| 650 | 0 | _aField programmable gate arrays. | |
| 655 | 7 |
_aElectronic books. _2local |
|
| 710 | 2 | _aebrary, Inc. | |
| 856 | 4 | 0 |
_uhttp://site.ebrary.com/lib/rucke/Doc?id=10489664 _zAn electronic book accessible through the World Wide Web; click to view |
| 999 |
_c123931 _d123931 |
||